Normal view MARC view

Entry Personal Name

Number of records used in: 5

001 - CONTROL NUMBER

  • control field: 1239434

003 - CONTROL NUMBER IDENTIFIER

  • control field: OSt

005 - DATE AND TIME OF LATEST TRANSACTION

  • control field: 20260514122522.0

008 - FIXED-LENGTH DATA ELEMENTS

  • fixed length control field: 260514|| aca||aabn | a|a d

040 ## - CATALOGING SOURCE

  • Original cataloging agency: OSt
  • Transcribing agency: OSt

100 ## - HEADING--PERSONAL NAME

  • Personal name: Dr.Rajani Mathur

670 ## - SOURCE DATA FOUND

  • Source citation: Work cat.: (OSt)1851455: Rajaur Deepti 1239432, Randomized Open Label Crossover Comparative Bloavailability /Bloequivalence Study After Oral Administration of Test Product (Rabeprazole Sodium Delayed-Release Tablets 20mg) with Reference Product in Healthy Adult Human Subjects Under Fed Conditions: Prospective Observational Study on Relationship of Serum Bilirubin Level with Serum Albumin Level, Blood Glucose Level and BMI in Healthy Adult Male Human Volunteers of Delhi NCR.
Copyright @ Delhi University Library System